<?xml version="1.0" encoding="UTF-8"?>
<record
    xmlns:xsi="http://www.w3.org/2001/XMLSchema-instance"
    xsi:schemaLocation="http://www.loc.gov/MARC21/slim http://www.loc.gov/standards/marcxml/schema/MARC21slim.xsd"
    xmlns="http://www.loc.gov/MARC21/slim">

  <leader>01142nam a2200337 c 4500</leader>
  <controlfield tag="001">59810</controlfield>
  <controlfield tag="003">CO-BoRNBP</controlfield>
  <controlfield tag="005">20251106204524.0</controlfield>
  <controlfield tag="007">ta</controlfield>
  <controlfield tag="008">180815s2018    sp a   gr     000 0 spa d</controlfield>
  <datafield tag="020" ind1=" " ind2=" ">
    <subfield code="a">9788494728464</subfield>
  </datafield>
  <datafield tag="040" ind1=" " ind2=" ">
    <subfield code="a">CO-BoRNBP</subfield>
    <subfield code="b">spa</subfield>
    <subfield code="e">rda</subfield>
    <subfield code="c">CO-BoRNBP</subfield>
  </datafield>
  <datafield tag="041" ind1="0" ind2=" ">
    <subfield code="a">spa</subfield>
  </datafield>
  <datafield tag="043" ind1=" " ind2=" ">
    <subfield code="a">s-ck---</subfield>
  </datafield>
  <datafield tag="082" ind1="0" ind2="4">
    <subfield code="a">580.74</subfield>
    <subfield code="b">B17h</subfield>
    <subfield code="2">23</subfield>
  </datafield>
  <datafield tag="100" ind1=" " ind2=" ">
    <subfield code="a">Barman, Adrienne,</subfield>
    <subfield code="d">1979- ,</subfield>
    <subfield code="e">aut</subfield>
    <subfield code="9">66703</subfield>
  </datafield>
  <datafield tag="245" ind1="1" ind2="0">
    <subfield code="a">Herbario /</subfield>
    <subfield code="c">Adrienne Barman ; traducci&#xF3;n y asesor&#xED;a cient&#xED;fica Jos&#xE9; Luis Villanueva Ca&#xF1;as.</subfield>
  </datafield>
  <datafield tag="250" ind1=" " ind2=" ">
    <subfield code="a">Primera edici&#xF3;n</subfield>
  </datafield>
  <datafield tag="264" ind1=" " ind2="1">
    <subfield code="a">Barcelona, Espa&#xF1;a :</subfield>
    <subfield code="b">Libros del Zorro Rojo,</subfield>
    <subfield code="c">2018</subfield>
  </datafield>
  <datafield tag="300" ind1=" " ind2=" ">
    <subfield code="a">192 [8] p&#xE1;ginas :</subfield>
    <subfield code="b">ilustraciones a color</subfield>
  </datafield>
  <datafield tag="336" ind1=" " ind2=" ">
    <subfield code="a">texto</subfield>
    <subfield code="b">txt</subfield>
    <subfield code="2">rdacontent</subfield>
  </datafield>
  <datafield tag="337" ind1=" " ind2=" ">
    <subfield code="a">sin mediaci&#xF3;n</subfield>
    <subfield code="b">n</subfield>
    <subfield code="2">rdamedia</subfield>
  </datafield>
  <datafield tag="338" ind1=" " ind2=" ">
    <subfield code="a">volumen</subfield>
    <subfield code="b">nc</subfield>
    <subfield code="2">rdacarrier</subfield>
  </datafield>
  <datafield tag="521" ind1=" " ind2=" ">
    <subfield code="a">Recomendado para un p&#xFA;blico mayor de 12 a&#xF1;os</subfield>
  </datafield>
  <datafield tag="534" ind1=" " ind2=" ">
    <subfield code="t">Drole d'encyclopedie vegetale</subfield>
  </datafield>
  <datafield tag="650" ind1="0" ind2="7">
    <subfield code="a">Bot&#xE1;nica</subfield>
    <subfield code="v">&#xC1;lbumes</subfield>
    <subfield code="2">LEMB</subfield>
    <subfield code="9">66704</subfield>
  </datafield>
  <datafield tag="650" ind1="0" ind2="7">
    <subfield code="a">Herbarios</subfield>
    <subfield code="v">&#xC1;lbumes</subfield>
    <subfield code="2">lemb</subfield>
    <subfield code="9">66705</subfield>
  </datafield>
  <datafield tag="650" ind1="0" ind2="7">
    <subfield code="a">Plantas</subfield>
    <subfield code="x">Ense&#xF1;anza</subfield>
    <subfield code="v">&#xC1;lbumes</subfield>
    <subfield code="2">LEMB</subfield>
    <subfield code="9">66706</subfield>
  </datafield>
  <datafield tag="700" ind1=" " ind2=" ">
    <subfield code="a">Villanueva Ca&#xF1;as, Jos&#xE9; Luis</subfield>
    <subfield code="e">trl</subfield>
    <subfield code="9">66707</subfield>
  </datafield>
  <datafield tag="942" ind1=" " ind2=" ">
    <subfield code="2">ddc</subfield>
    <subfield code="c">BK</subfield>
  </datafield>
  <datafield tag="999" ind1=" " ind2=" ">
    <subfield code="c">59810</subfield>
    <subfield code="d">59810</subfield>
  </datafield>
  <datafield tag="952" ind1=" " ind2=" ">
    <subfield code="0">0</subfield>
    <subfield code="1">0</subfield>
    <subfield code="2">ddc</subfield>
    <subfield code="4">0</subfield>
    <subfield code="7">0</subfield>
    <subfield code="8">GEN</subfield>
    <subfield code="a">MEMAPJGA</subfield>
    <subfield code="b">MEMAPJGA</subfield>
    <subfield code="c">GEN</subfield>
    <subfield code="d">2025-11-06</subfield>
    <subfield code="l">0</subfield>
    <subfield code="o">580.74 B17h</subfield>
    <subfield code="p">MPJG00823</subfield>
    <subfield code="r">2025-11-06 20:45:56</subfield>
    <subfield code="t">Ej.1</subfield>
    <subfield code="w">2025-11-06</subfield>
    <subfield code="y">BK</subfield>
  </datafield>
</record>
